CATIA V5 Workbook : Releases 12,13

Salvato in:
Dettagli Bibliografici
Autore principale: Cozzens, Richard (Autore)
Natura: Libro
Lingua:inglese
Pubblicazione: Utah : SDC, 2004
Edizione:1.vyd
Soggetti:
Tags: Aggiungi Tag
Nessun Tag, puoi essere il primo ad aggiungerne!!

MARC

LEADER 00000nam a22000003a 4500
001 stu99702
005 20150617225821.4
008 051213s2004----xxu-----------------eng-d
020 |a 1-58503-205-0 
040 |a STU  |b slo 
041 0 |a eng 
044 |a xxu 
080 |a 621.8(035) 
100 1 |a Cozzens, Richard  |4 aut 
245 1 |a CATIA V5 Workbook :  |b Releases 12,13 
250 |a 1.vyd 
260 |a Utah :  |b SDC,  |c 2004 
300 |a nestr 
650 7 |a CATIA V5  |2 stusub 
996 |b 284J027908  |c J*104667  |l JJK9  |s P  |a 0  |w stu99702_0001